|
|
|
|
| LEADER |
02787nam a22003853i 4500 |
| 001 |
EBC30685984 |
| 003 |
MiAaPQ |
| 005 |
20231204023231.0 |
| 006 |
m o d | |
| 007 |
cr cnu|||||||| |
| 008 |
231204s1983 xx o ||||0 ger d |
| 020 |
|
|
|a 9783631755556
|q (electronic bk.)
|
| 020 |
|
|
|z 9783820473261
|
| 035 |
|
|
|a (MiAaPQ)EBC30685984
|
| 035 |
|
|
|a (Au-PeEL)EBL30685984
|
| 035 |
|
|
|a (OCoLC)1397574608
|
| 040 |
|
|
|a MiAaPQ
|b eng
|e rda
|e pn
|c MiAaPQ
|d MiAaPQ
|
| 100 |
1 |
|
|a König, Heinz.
|
| 245 |
1 |
0 |
|a Ausbildung und Arbeitsmarkt.
|
| 250 |
|
|
|a 1st ed.
|
| 264 |
|
1 |
|a Frankfurt a.M. :
|b Peter Lang GmbH, Internationaler Verlag der Wissenschaften,
|c 1983.
|
| 264 |
|
4 |
|c {copy}1984.
|
| 300 |
|
|
|a 1 online resource (222 pages)
|
| 336 |
|
|
|a text
|b txt
|2 rdacontent
|
| 337 |
|
|
|a computer
|b c
|2 rdamedia
|
| 338 |
|
|
|a online resource
|b cr
|2 rdacarrier
|
| 490 |
1 |
|
|a Allokation Im Marktwirtschaftlichen System Series ;
|v v.5
|
| 505 |
0 |
|
|a Cover -- I Einführung in das Thema und Übersicht über die Beiträge (H. König) -- II Die Berufsausbildung in der Bundesrepublik Deutschland -- 1. Trends und Strukturen des Ausbildungsstellenmarktes in der Bundesrepublik Deutschland: eine empirische Übersicht (W. Franz/T. Kempf) -- 2. Allokationspolitische Ursachen und Implikationen externer Effekte auf dem Ausbildungsstellenmarkt. Eine theoretische Darstellung. (T. Kempf) -- 3. Die Berufsausbildungsabgabe - Theoretische Analyse einer "Schubladenabgabe" (W. Franz) -- III Einkommen und Weiterbildung aus humankapitaltheoretischer Sicht -- 1. Arbeitseinkommen und Ausbildungsgrad in der Bundesrepublik Deutschland 1974 und 1977 im Lichte des Humankapitalansatzes - theoretische Probleme und ausgewählte empirische Befunde (G. Weißhuhn) -- 2. Arbeitsmarktorientierung und Weiterbildung. Eine informationsökonomische Analyse des Weiterbildungsverhaltens von Frauen unter Verwendung log-linearer Wahrscheinlichkeitsmodelle (K.F. Zimmermann/A. Zimmermann-Trapp) -- IV Hochschulausbildung und Studienortwahl -- 1. Ein Probit-Modell zur Hochschultyp- und Studienortwahl (H. König/H. Kräger).
|
| 588 |
|
|
|a Description based on publisher supplied metadata and other sources.
|
| 590 |
|
|
|a Electronic reproduction. Ann Arbor, Michigan : ProQuest Ebook Central, 2023. Available via World Wide Web. Access may be limited to ProQuest Ebook Central affiliated libraries.
|
| 655 |
|
4 |
|a Electronic books.
|
| 776 |
0 |
8 |
|i Print version:
|a König, Heinz
|t Ausbildung und Arbeitsmarkt
|d Frankfurt a.M. : Peter Lang GmbH, Internationaler Verlag der Wissenschaften,c1983
|z 9783820473261
|
| 797 |
2 |
|
|a ProQuest (Firm)
|
| 830 |
|
0 |
|a Allokation Im Marktwirtschaftlichen System Series
|
| 856 |
4 |
0 |
|u https://ebookcentral.proquest.com/lib/matrademy/detail.action?docID=30685984
|z Click to View
|